000 00401nam a2200145Ia 4500
008 230917s9999||||xx |||||||||||||| ||und||
040 _e65039
_aMAIN
041 _aEnglish
082 _a543 A13F:E
100 _aFuller, C W
245 0 _aElectrothermal atomization for atomic absorption spectrometry
260 _aLondon
_bChemical Society Barlington House
_c1977
300 _a127 p.
942 _cBK
999 _c224064
_d224064